[Event "Nova Gorica op-A 17th"]
[Site "Nova Gorica"]
[Date "2012.01.29"]
[Round "5"]
[White "Veliscek, Iza"]
[Black "Mihelj, Edvard Danijel"]
[Result "1-0"]
[WhiteElo "1542"]
[BlackElo "1873"]
[PlyCount "93"]
[EventDate "2012.01.27"]
[EventType "swiss"]
[EventRounds "9"]
[EventCountry "SLO"]
[SourceTitle "CBM 146 Extra"]
[Source "ChessBase"]
[SourceDate "2012.02.29"]
[SourceVersion "1"]
[SourceVersionDate "2012.02.29"]
[SourceQuality "1"]

1. e4 b6 2. d4 Bb7 3. Nc3 g6 4. Bc4 Bg7 5. Nf3 d6 6. 0-0 Nh6 7. Bf4 Nd7 8. Qd2 Ng4 9. h3 Ngf6 10. Rfe1 0-0 11. Rad1 Ne8 12. Bh6 e6 13. Bg5 Bf6 14. Bh6 Ng7 15. e5 Be7 16. d5 Nc5 17. b4 exd5 18. exd6 Bf6 19. dxc7 Qxc7 20. Nxd5 Bxd5 21. Bxd5 Na4 22. Bxa8 Bc3 23. Qd7 Qxd7 24. Rxd7 Rxa8 25. Red1 Bxb4 26. Rd8+ Rxd8 27. Rxd8+ Bf8 28. Ng5 Nc5 29. Ra8 a6 30. Ra7 f6 31. Bxg7 Bxg7 32. Ra8+ Bf8 33. Nxh7 Kxh7 34. Rxf8 Kg7 35. Rb8 b5 36. Kf1 f5 37. f3 Na4 38. Ra8 Nc5 39. Ke2 Kf6 40. Rc8 Ne6 41. Rc6 a5 42. Rb6 f4 43. Kd3 b4 44. Rb5 a4 45. Rxb4 Kg5 46. c4 Kh4 47. Rb6 1-0